Reinventing education. : enterpreneurship in America's public schools

Saved in:
Bibliographic Details
Main Author: Gerstner, Louis V.
Format: Book
Language:English
Published: New York : Plume/Penguin, c1995
Subjects:
Tags: Add Tag
No Tags, Be the first to tag this record!

MARC

LEADER 00000nam a2200000 i 4500
001 1/17390
008 981006s1995 eng d
020 |a 0-452-27145-2 
035 |l 10020539 
040 |a GR-MY-UA  |b gre  |e aacr 
041 0 |a eng 
082 0 |a 371.010973 
100 1 |a Gerstner, Louis V. 
245 1 0 |a Reinventing education. :  |b enterpreneurship in America's public schools /  |c by Louis V. Gerstner...[et al.] 
260 |a New York :   |b Plume/Penguin,   |c c1995 
300 |a 288 p. 
504 |a Includes index 
650 0 0 |a Public schools  |z United States. 
650 0 0 |a School mamagement and organization  |z United States. 
650 0 0 |a Entrepreneurship  |z United States. 
650 0 0 |a Educational change  |z United States. 
852 |a INST  |b LESVOS  |e 19981006  |h 371.010973 GER  |p 005100018550  |q 005100018550  |t BK  |y 0 
901 |a BIBL-1998-3 
909 |a Λ  |b 059275 
922 |a 1ΕΛΗ  |b 199809  |c ΚΠΣ/ΤΠ  |d ΠΑΠΑΣΩΤΗΡΙΟΥ 
950 |a 107-1998-05-21